[Event "Titled Tue 1st Jul Early"]
[Site "chess.com INT"]
[Date "2025.07.01"]
[Round "1"]
[White "Jinan, Jomon"]
[Black "Aranda, Juan Manuel"]
[Result "1-0"]
[WhiteTitle "FM"]
[BlackTitle "CM"]
[WhiteElo "2309"]
[BlackElo "2134"]
[WhiteFideId "35002511"]
[BlackFideId "160458"]
[EventDate "2025.07.01"]

1. e4 d6 2. d4 Nf6 3. Bd3 g6 4. Nf3 Bg7 5. O-O O-O 6. Re1 a6 7. e5 Nd5 8. h3 Nb4
9. Bf1 dxe5 10. Nxe5 N8c6 11. Nxc6 Nxc6 12. c3 Bf5 13. Bf4 h5 14. Nd2 Qd7 15.
Nf3 Rfe8 16. Qb3 b5 17. Rad1 Rad8 18. d5 Nb8 19. Ne5 Qc8 20. c4 e6 21. g4 hxg4
22. hxg4 bxc4 23. Bxc4 exd5 24. Bxd5 Be6 25. Nxf7 Kxf7 26. Bxe6+ Rxe6 27. Rxd8
Qxd8 28. Qxe6+ Kf8 29. Bxc7 1-0

[Event "Titled Tue 1st Jul Early"]
[Site "chess.com INT"]
[Date "2025.07.01"]
[Round "1"]
[White "Gasparyan, Erik R."]
[Black "Ternault, Mathieu"]
[Result "1-0"]
[WhiteTitle "IM"]
[BlackTitle "FM"]
[WhiteElo "2372"]
[BlackElo "2276"]
[WhiteFideId "13315730"]
[BlackFideId "20641532"]
[EventDate "2025.07.01"]

1. Nf3 Nf6 2. g3 g6 3. Bg2 Bg7 4. O-O O-O 5. d4 d5 6. c4 c6 7. cxd5 cxd5 8. Nc3
Nc6 9. Ne5 Ng4 10. Nxd5 Nxd4 11. Qxd4 Bxe5 12. Qb4 Bd6 13. Qb3 Rb8 14. h3 Ne5
15. Bh6 Re8 16. Rfd1 Qa5 17. Rac1 Be6 18. Qe3 Rbc8 19. Qd4 Bxd5 20. Bxd5 Qb4 21.
Qxb4 Bxb4 22. Bxb7 Rb8 23. Bd5 Bd6 24. Bb3 Rec8 25. Kg2 a5 26. Bd2 Bb4 27. Bf4
Bd6 28. Rxc8+ Rxc8 29. Rd5 f6 30. Rxd6+ 1-0

[Event "Titled Tue 1st Jul Early"]
[Site "chess.com INT"]
[Date "2025.07.01"]
[Round "1"]
[White "Sitbon, Itay"]
[Black "Fronda, Jan Jodilyn"]
[Result "1-0"]
[BlackTitle "WIM"]
[WhiteElo "2206"]
[BlackElo "2115"]
[WhiteFideId "2820706"]
[BlackFideId "5204585"]
[EventDate "2025.07.01"]

1. e4 c5 2. d4 cxd4 3. c3 d5 4. exd5 Qxd5 5. cxd4 Nc6 6. Nf3 Bg4 7. Nc3 Qd8 8.
d5 Bxf3 9. Qxf3 Ne5 10. Bb5+ Nd7 11. d6 a6 12. Nd5 exd6 13. Bxd7+ Qxd7 14. O-O
Qc6 15. Re1+ Ne7 16. Bg5 f6 17. Rxe7+ Bxe7 18. Re1 Rc8 19. Nxe7 Qxf3 20. Nxc8+
Kd8 21. gxf3 fxg5 22. Nxd6 Kc7 23. Ne4 h6 24. Rc1+ Kb6 25. Kf1 Rf8 26. Ke2 Rf4
27. Rd1 g4 28. Rd7 gxf3+ 29. Ke3 g5 30. Rh7 Rh4 31. Kxf3 Rxh2 32. Nxg5 Rh3+ 33.
Nxh3 a5 34. Rxh6+ Kb5 35. Nf4 b6 36. b3 Kc5 37. Ke3 b5 38. Nd3+ Kd5 39. Rh5+ 1-0

[Event "Titled Tue 1st Jul Early"]
[Site "chess.com INT"]
[Date "2025.07.01"]
[Round "1"]
[White "Newansa, M Esandi"]
[Black "Liashkevich, Lizaveta"]
[Result "1-0"]
[WhiteTitle "WFM"]
[BlackTitle "WFM"]
[WhiteElo "1905"]
[BlackElo "2204"]
[WhiteFideId "9999060"]
[BlackFideId "13518658"]
[EventDate "2025.07.01"]

1. d4 d5 2. Bf4 Nf6 3. e3 e6 4. Nf3 c5 5. c3 Bd6 6. Bg3 O-O 7. Nbd2 b6 8. Bd3
Ba6 9. Qe2 Bxd3 10. Qxd3 Nc6 11. O-O Bxg3 12. hxg3 Qe7 13. Rfe1 Rfd8 14. Qe2
Rac8 15. Rad1 Ne8 16. Nb3 c4 17. Nbd2 f5 18. Nh2 Nd6 19. g4 b5 20. gxf5 exf5 21.
Qf3 Qe6 22. b4 a5 23. a3 axb4 24. axb4 Ra8 25. Ra1 Ne7 26. Nhf1 Qd7 27. Ng3 g6
28. Ne2 Ne8 29. Nf4 Nf6 30. Nf1 Kg7 31. Ng3 Qc6 32. Qe2 Kf7 33. Qb2 Rxa1 34.
Rxa1 Ra8 35. Rxa8 Qxa8 36. Nf1 Qa4 37. Nd2 Qd1+ 38. Kh2 Ng4+ 39. Kg3 Qh1 40. Nf3
h5 41. Nh3 Nf6 42. Nfg5+ Kg7 43. f3 Ne8 44. Qa2 Qe1+ 45. Kh2 h4 46. Qa7 Qg3+ 47.
Kh1 Qe1+ 48. Kh2 Qxe3 49. Qd7 Kh6 50. Qxe8 Kg7 51. Qf7+ 1-0

[Event "Titled Tue 1st Jul Early"]
[Site "chess.com INT"]
[Date "2025.07.01"]
[Round "1"]
[White "Azizoglu, Ferzan"]
[Black "Dinesh, Rajan M"]
[Result "0-1"]
[BlackTitle "CM"]
[WhiteElo "2055"]
[BlackElo "2131"]
[WhiteFideId "6302726"]
[BlackFideId "35060600"]
[EventDate "2025.07.01"]

1. e4 c6 2. d4 d5 3. e5 c5 4. dxc5 Nc6 5. Bb5 e6 6. Be3 Ne7 7. c3 Bd7 8. Bxc6
Nxc6 9. Nf3 Rc8 10. O-O Be7 11. Nbd2 g5 12. Bd4 g4 13. Ne1 Rg8 14. Nd3 Nxd4 15.
cxd4 b6 16. b4 Bb5 17. Nb3 Qd7 18. Re1 h5 19. Nf4 Rg5 20. Qd2 Rf5 21. g3 Bg5 22.
Rac1 Bc4 23. Qe3 h4 24. Nd2 Bxa2 25. Ra1 Bc4 26. Red1 Bb5 27. Nf1 a5 28. cxb6
axb4 29. Ra7 Qc6 30. b7 Rb8 31. Ra8 Qxb7 32. Rxb8+ Qxb8 33. Rc1 Bd7 34. Qb3 Bxf4
35. gxf4 Rxf4 36. Ne3 Rxd4 37. Ra1 Qxe5 0-1

[Event "Titled Tue 1st Jul Early"]
[Site "chess.com INT"]
[Date "2025.07.01"]
[Round "1"]
[White "Dreelinck, Jacob"]
[Black "Korchynskyi, Mykola"]
[Result "0-1"]
[WhiteTitle "FM"]
[BlackTitle "FM"]
[WhiteElo "2266"]
[BlackElo "2346"]
[WhiteFideId "250511"]
[BlackFideId "34138005"]
[EventDate "2025.07.01"]

1. c4 e6 2. d4 d5 3. Nc3 Nf6 4. cxd5 exd5 5. Bg5 Be7 6. e3 h6 7. Bh4 O-O 8. Bd3
b6 9. Qe2 Bb7 10. Nf3 c5 11. O-O Nbd7 12. Rad1 Re8 13. Bb1 Ne4 14. Bxe7 Qxe7 15.
Qc2 Ndf6 16. dxc5 bxc5 17. a3 Rac8 18. Nxe4 Nxe4 19. Nd2 Nf6 20. Qf5 Qc7 21. Nf3
Re7 22. b4 c4 23. Nd4 Re5 24. Qf3 Rce8 25. Bc2 Qd7 26. Qg3 Rg5 27. Qf3 Qc7 28.
Qf4 Qb6 29. Qh4 Rg4 30. Qh3 Bc8 31. Qf3 Rg5 32. h3 Nd7 33. Ne2 Ne5 34. Qxd5 Bxh3
35. Nf4 Nd3 36. Qd4 Qxd4 37. exd4 Nxf4 38. g3 Bxf1 39. Kxf1 Nd3 40. Bxd3 cxd3
41. Rxd3 Rd5 42. Kg2 0-1

[Event "Titled Tue 1st Jul Early"]
[Site "chess.com INT"]
[Date "2025.07.01"]
[Round "1"]
[White "Sydoryka, Vladyslav"]
[Black "Toth, Christian Endre"]
[Result "0-1"]
[WhiteTitle "FM"]
[BlackTitle "IM"]
[WhiteElo "2246"]
[BlackElo "2354"]
[WhiteFideId "14145928"]
[BlackFideId "2100339"]
[EventDate "2025.07.01"]

1. d4 d5 2. Bg5 c6 3. e3 Bf5 4. c4 Nd7 5. Nc3 Ngf6 6. Nf3 e6 7. Bd3 Bxd3 8. Qxd3
Be7 9. O-O O-O 10. Rfe1 h6 11. Bh4 Ne8 12. Bxe7 Qxe7 13. e4 dxe4 14. Nxe4 Nef6
15. Ng3 Rad8 16. a3 Rfe8 17. Qc3 Qd6 18. Rad1 Qf4 19. h3 Re7 20. b4 Qc7 21. a4
b6 22. Nf5 Ree8 23. Ng3 Qf4 24. Ne2 Qc7 25. Qe3 e5 26. dxe5 Nxe5 27. Rxd8 Nxf3+
28. Qxf3 Qxd8 29. Qc3 Qe7 30. Kf1 Ne4 31. Qb2 Qe6 32. Qc2 Qe5 33. Kg1 Nc3 34.
Kf1 Ne4 35. f4 Ng3+ 36. Kf2 Qe3# 0-1

[Event "Titled Tue 1st Jul Early"]
[Site "chess.com INT"]
[Date "2025.07.01"]
[Round "1"]
[White "Skytte, Robert"]
[Black "Daulet, Alikhan"]
[Result "0-1"]
[WhiteTitle "CM"]
[BlackTitle "CM"]
[WhiteElo "2000"]
[BlackElo "2075"]
[WhiteFideId "1471775"]
[BlackFideId "13741632"]
[EventDate "2025.07.01"]

1. e4 c5 2. Nf3 Nc6 3. d4 cxd4 4. Nxd4 Nf6 5. Nc3 e5 6. Ndb5 d6 7. Nd5 Nxd5 8.
exd5 Nb8 9. c4 Be7 10. Bd3 O-O 11. O-O a6 12. Nc3 Nd7 13. Ne4 f5 14. Ng3 e4 15.
Be2 Bg5 16. f4 exf3 17. Bxf3 Ne5 18. b3 Bxc1 19. Rxc1 b6 20. Qd4 Ra7 21. Rcd1 g5
22. b4 Rc7 23. Be2 f4 24. Ne4 Bf5 25. h4 h6 26. hxg5 hxg5 27. a4 Rh7 28. c5 bxc5
29. bxc5 Bxe4 30. Qxe4 Qf6 31. cxd6 Qxd6 32. Bxa6 g4 33. Bb5 f3 34. Rfe1 f2+ 35.
Kf1 fxe1=Q+ 36. Kxe1 Rh1+ 37. Kd2 Rxd1+ 38. Kxd1 Qf6 39. Kd2 Qf2+ 0-1

[Event "Titled Tue 1st Jul Early"]
[Site "chess.com INT"]
[Date "2025.07.01"]
[Round "1"]
[White "Schitco, Ivan"]
[Black "Shymanskyi, Oleksandr"]
[Result "0-1"]
[WhiteTitle "GM"]
[BlackTitle "FM"]
[WhiteElo "2481"]
[BlackElo "2218"]
[WhiteFideId "13905465"]
[BlackFideId "14168880"]
[EventDate "2025.07.01"]

1. c4 e5 2. Nc3 Nf6 3. Nf3 Nc6 4. e4 Bb4 5. d3 h6 6. a3 Bxc3+ 7. bxc3 d6 8. g3
O-O 9. Nh4 Be6 10. Ng2 Qd7 11. Ne3 Ng4 12. Nxg4 Bxg4 13. f3 Be6 14. g4 a6 15. h4
b5 16. cxb5 axb5 17. Rb1 Rab8 18. d4 exd4 19. cxd4 Bc4 20. Kf2 d5 21. Bxc4 bxc4
22. Rxb8 Rxb8 23. e5 Rb3 24. Be3 Rd3 25. Qa1 Qe6 26. Rd1 Rb3 27. a4 f6 28. a5
fxe5 29. dxe5 Nxe5 30. Qd4 Nd3+ 31. Kg3 c5 32. Qa1 Qxe3 33. Rb1 Qf2+ 0-1

[Event "Titled Tue 1st Jul Early"]
[Site "chess.com INT"]
[Date "2025.07.01"]
[Round "1"]
[White "Milare, Tyron"]
[Black "Kim, Sergey"]
[Result "1-0"]
[WhiteTitle "FM"]
[BlackTitle "FM"]
[WhiteElo "2217"]
[BlackElo "2295"]
[WhiteFideId "12987018"]
[BlackFideId "13700570"]
[EventDate "2025.07.01"]

1. d4 Nf6 2. Nf3 g6 3. g3 Bg7 4. Bg2 d6 5. O-O O-O 6. c4 Nbd7 7. Re1 e5 8. Nc3
exd4 9. Nxd4 Re8 10. e4 Nc5 11. Nb3 Ne6 12. Nd5 c6 13. Nc3 h6 14. Be3 Ng5 15. e5
dxe5 16. Qxd8 Rxd8 17. Bxg5 hxg5 18. Rxe5 Be6 19. Rxe6 fxe6 20. Nc5 Rab8 21.
Nxe6 Rd2 22. Nxg7 Kxg7 23. b3 Re8 24. h3 Rc2 25. Na4 Ree2 26. Rf1 Ne4 27. Bf3 b6
28. Bxe2 Rxe2 29. Kg2 Rxa2 30. Re1 Nxf2 31. Re7+ Kf6 32. Rc7 c5 33. Rxa7 Ne4+
34. Kf3 Nd2+ 35. Kg4 Nxb3 36. Rb7 Ke5 37. Nxb6 Nd4 38. Kxg5 Ra3 39. g4 Rxh3 40.
Kxg6 Rg3 41. Nd7+ Kd6 42. Nf6 Rg1 43. Rb6+ Ke5 44. Nd7+ Kf4 45. Nxc5 Rxg4+ 46.
Kf6 Nf3 47. Ne6+ Ke4 48. c5 Kd5 49. Rd6+ Kc4 50. c6 Kb5 51. c7 Rc4 52. Rd8 Rc6
53. c8=Q Rxc8 54. Rxc8 1-0

[Event "Titled Tue 1st Jul Early"]
[Site "chess.com INT"]
[Date "2025.07.01"]
[Round "1"]
[White "Materia, Marco"]
[Black "Mattenberger, Matthias"]
[Result "0-1"]
[WhiteTitle "IM"]
[BlackTitle "FM"]
[WhiteElo "2493"]
[BlackElo "2276"]
[WhiteFideId "45150451"]
[BlackFideId "1339958"]
[EventDate "2025.07.01"]

1. Nf3 Nf6 2. b3 g6 3. Bb2 Bg7 4. e4 c5 5. g3 O-O 6. d3 Nc6 7. Bg2 d5 8. exd5
Nxd5 9. Bxg7 Kxg7 10. O-O e5 11. Re1 Re8 12. Na3 f6 13. Qd2 Be6 14. Nc4 Qd7 15.
a4 Rad8 16. Rad1 Nd4 17. Nxd4 cxd4 18. Ra1 b6 19. f4 exf4 20. Bxd5 Bxd5 21. Qxf4
Ba8 22. Kf2 Qh3 23. Re4 Qxh2+ 24. Ke1 Bxe4 25. dxe4 Qg1+ 26. Qf1 Rxe4+ 27. Kd2
Qxg3 28. Rd1 Qc3+ 29. Kc1 Rde8 30. Nd6 Re1 31. Nxe8+ Rxe8 32. Qb5 Rc8 33. Qd7+
Kh8 34. Rd2 Qa1# 0-1

[Event "Titled Tue 1st Jul Early"]
[Site "chess.com INT"]
[Date "2025.07.01"]
[Round "1"]
[White "Bashirli, Saadat"]
[Black "Loftgaard, Mikkel Vinh"]
[Result "0-1"]
[WhiteTitle "WCM"]
[BlackTitle "FM"]
[WhiteElo "2005"]
[BlackElo "2281"]
[WhiteFideId "13429990"]
[BlackFideId "1468480"]
[EventDate "2025.07.01"]

1. d4 Nf6 2. c4 e6 3. Nc3 Bb4 4. e3 O-O 5. Bd3 c5 6. Ne2 d5 7. a3 cxd4 8. axb4
dxc3 9. bxc3 dxc4 10. Bxc4 Qc7 11. Bd3 Rd8 12. Qc2 Nc6 13. O-O b6 14. Bb2 Bb7
15. Rfd1 Ne5 16. Bb5 Be4 17. Qb3 Qb7 18. c4 Neg4 19. Nf4 e5 20. h3 exf4 21. hxg4
Bxg2 22. exf4 Rxd1+ 23. Rxd1 Bf3 24. Rd3 Be4 25. Rg3 a6 26. g5 Nh5 27. Rh3 Nxf4
28. Rh4 Bh1 29. Rg4 axb5 30. cxb5 Bd5 31. Qe3 Ne6 32. Qe5 Bf3 33. Rg3 Bh5 34.
Qe3 Bg6 0-1

[Event "Titled Tue 1st Jul Early"]
[Site "chess.com INT"]
[Date "2025.07.01"]
[Round "1"]
[White "Yalcinkaya, Efe"]
[Black "Naroditsky, Daniel"]
[Result "0-1"]
[WhiteTitle "CM"]
[BlackTitle "GM"]
[WhiteElo "2225"]
[BlackElo "2619"]
[WhiteFideId "44506619"]
[BlackFideId "2026961"]
[EventDate "2025.07.01"]

1. d4 Nf6 2. Nf3 g6 3. Bg5 Bg7 4. Nbd2 O-O 5. e3 d5 6. c3 b6 7. Be2 Bb7 8. O-O
Nbd7 9. h3 c5 10. Bf4 e6 11. b4 Qe7 12. Qb3 cxb4 13. cxb4 Rfc8 14. Rfc1 Ne4 15.
Nxe4 dxe4 16. Ne5 Nxe5 17. Bxe5 Bxe5 18. dxe5 Rd8 19. Rd1 Bd5 20. Qb2 Rac8 21.
Rac1 h5 22. Ba6 Rb8 23. b5 h4 24. Rc2 Qg5 25. Rc7 Ba8 26. Rxd8+ Rxd8 27. Qc3 Qf5
28. Rc8 Qg5 29. Qc7 Rxc8 30. Qxc8+ Kg7 31. Qxa8 Qxe5 32. f3 exf3 33. Qxf3 Qa1+
34. Kh2 Qxa2 35. Bb7 Qb2 36. Bc6 g5 37. Qe4 Qf2 38. Qe5+ f6 39. Qc7+ Kh6 40. Be4
f5 41. Bf3 Qxe3 42. Qd6 Kg6 43. Bd5 Qg3+ 44. Qxg3 hxg3+ 45. Kxg3 exd5 46. Kf2 f4 0-1

[Event "Titled Tue 1st Jul Early"]
[Site "chess.com INT"]
[Date "2025.07.01"]
[Round "1"]
[White "Paltrinieri, Nicholas"]
[Black "Melaugh, Shane"]
[Result "1/2-1/2"]
[WhiteTitle "FM"]
[BlackTitle "CM"]
[WhiteElo "2359"]
[BlackElo "2180"]
[WhiteFideId "828262"]
[BlackFideId "2509580"]
[EventDate "2025.07.01"]

1. d4 d5 2. Bf4 Nf6 3. e3 c5 4. c3 Nc6 5. Nd2 Qb6 6. Qb3 c4 7. Qxb6 axb6 8. a3
Bf5 9. Rc1 e6 10. Ngf3 h6 11. Be2 Nh5 12. O-O Nxf4 13. exf4 Bd6 14. g3 b5 15.
Rfe1 O-O 16. Bd1 Rfe8 17. Bc2 Kf8 18. Nf1 Bxc2 19. Rxc2 f6 20. Rce2 Kf7 21. h4
Re7 22. N1h2 Rae8 23. Ng4 h5 24. Ne3 g6 25. Kg2 Bc7 26. Kh3 Bd6 27. Kg2 Bc7 28.
Ng1 Bd6 29. Rd2 Bc7 30. Ne2 Bd6 31. Nc1 Bc7 32. Rde2 Bd6 33. Na2 Bc7 34. Kf3 Bd6
35. Nc1 Bc7 36. Rd2 Bd6 37. Ne2 Bc7 38. Red1 Bd6 39. Ng1 Bc7 40. Ne2 Bd6 41. Rg1
f5 42. Re1 Rd7 43. Kg2 Ne7 44. Ng1 Ng8 45. Nf3 Rde7 46. Ng5+ Kg7 47. Rde2 Nf6
48. f3 Nh7 49. Nh3 Kf7 50. Nc2 Kf6 51. Kf2 Kf7 52. Ke3 Kf6 53. Kd2 Kf7 54. Rg1
Kf8 55. Kc1 Nf6 56. Ng5 Nh7 57. Kd2 Nxg5 58. hxg5 Kf7 59. Ke3 Rh8 60. Rh2 Ke8
61. Rgh1 Reh7 62. Rh4 Kf7 63. g4 Kg7 64. gxh5 Rxh5 65. Rxh5 Rxh5 66. Rxh5 gxh5
67. Ne1 Kg6 68. Ng2 Kg7 69. Kf2 Bc7 70. Kg3 Kg6 71. Kh4 Bd6 72. Kg3 Bc7 73. Kh3
Bd6 74. Kg3 Bc7 1/2-1/2

[Event "Titled Tue 1st Jul Early"]
[Site "chess.com INT"]
[Date "2025.07.01"]
[Round "1"]
[White "Soza de la Carrera, Jose"]
[Black "Cunha, Lucas Aguiar"]
[Result "1-0"]
[WhiteTitle "CM"]
[BlackTitle "FM"]
[WhiteElo "2221"]
[BlackElo "2254"]
[WhiteFideId "3401278"]
[BlackFideId "2125404"]
[EventDate "2025.07.01"]

1. d4 Nf6 2. c4 e6 3. g3 d5 4. Nf3 dxc4 5. Bg2 c5 6. O-O Nc6 7. dxc5 Qxd1 8.
Rxd1 Bxc5 9. Nbd2 c3 10. bxc3 O-O 11. Nb3 Be7 12. Bf4 Nd5 13. Bd2 Bf6 14. Rac1
Nb6 15. Nfd4 Nxd4 16. cxd4 Re8 17. Bf4 Nd5 18. Bd6 Bg5 19. e3 b6 20. h4 Bh6 21.
g4 f6 22. Rc2 Ba6 23. e4 Nf4 24. Bxf4 Bxf4 25. d5 e5 26. Bf1 Bc8 27. f3 h5 28.
Bb5 Rf8 29. gxh5 Kh7 30. Rc7 Kh6 31. Nc1 a6 32. Bc6 Rb8 33. Nd3 Be3+ 34. Kg2 b5
35. Re1 Bb6 36. Re7 Bd8 37. Ra7 Bb6 38. Re7 Rg8 39. f4 Kxh5 40. fxe5 Kxh4 41. e6
Bd8 42. Rf7 Bb6 43. d6 Bxe6 44. Re7 Bh3+ 45. Kf3 g5 46. Bd7 g4+ 47. Kf4 Rgd8 48.
Rh7# 1-0

[Event "Titled Tue 1st Jul Early"]
[Site "chess.com INT"]
[Date "2025.07.01"]
[Round "1"]
[White "Sarasketa Irastortza, Oier"]
[Black "Chylewski, Patryk"]
[Result "1-0"]
[WhiteTitle "CM"]
[BlackTitle "IM"]
[WhiteElo "2140"]
[BlackElo "2319"]
[WhiteFideId "54728207"]
[BlackFideId "1186191"]
[EventDate "2025.07.01"]

1. d4 Nf6 2. c4 g6 3. g3 Bg7 4. Bg2 O-O 5. Nc3 d6 6. Nf3 Nc6 7. d5 Na5 8. b3 c5
9. Bb2 a6 10. O-O Rb8 11. Nd2 b5 12. Qc1 Re8 13. Rb1 Bd7 14. Nce4 Nxe4 15. Nxe4
bxc4 16. Bxg7 Kxg7 17. Qc3+ Kg8 18. bxc4 Qc7 19. h4 Bf5 20. h5 Rb4 21. h6 f6 22.
Rxb4 cxb4 23. Qxb4 Rb8 24. Qa4 Bd7 25. Qc2 Qxc4 26. Qxc4 Nxc4 27. Rc1 Nb6 28.
Rc7 Kf7 29. Nd2 Ke8 30. Nb3 Kd8 31. Ra7 Bb5 32. Nd4 Bc4 33. Nc6+ Kc8 34. Nxb8
Kxb8 35. Rxe7 Bxd5 36. Bxd5 Nxd5 37. Rxh7 1-0

[Event "Titled Tue 1st Jul Early"]
[Site "chess.com INT"]
[Date "2025.07.01"]
[Round "1"]
[White "Slovineanu, Viacheslav"]
[Black "Sobek, Jaroslav"]
[Result "1-0"]
[WhiteTitle "IM"]
[BlackTitle "FM"]
[WhiteElo "2412"]
[BlackElo "2195"]
[WhiteFideId "13900510"]
[BlackFideId "301388"]
[EventDate "2025.07.01"]

1. d4 d5 2. Nf3 Nf6 3. c4 dxc4 4. e3 Be6 5. Nc3 a6 6. Ng5 Bg4 7. f3 Bc8 8. Bxc4
e6 9. O-O h6 10. Nge4 Nbd7 11. d5 Nb6 12. Nxf6+ Qxf6 13. Bb3 exd5 14. Nxd5 Nxd5
15. Qxd5 c6 16. Qe4+ Be7 17. Bd2 O-O 18. Bc3 Qd6 19. Rad1 Qc5 20. Bd4 Qb4 21.
Qc2 c5 22. Be5 Qh4 23. Bd5 Bf6 24. g3 Qh5 25. Bxf6 gxf6 26. Qxc5 Be6 27. Qd4
Rfd8 28. e4 Qg5 29. f4 Qh5 30. Qxf6 Bxd5 31. exd5 Rxd5 32. Rxd5 Qxd5 33. Qxh6
Qd4+ 34. Rf2 Qd1+ 35. Kg2 Qd5+ 36. Kh3 Qxa2 37. f5 1-0

[Event "Titled Tue 1st Jul Early"]
[Site "chess.com INT"]
[Date "2025.07.01"]
[Round "1"]
[White "Aarav Sinha"]
[Black "Shimanov, Aleksandr"]
[Result "0-1"]
[WhiteTitle "FM"]
[BlackTitle "GM"]
[WhiteElo "2224"]
[BlackElo "2578"]
[WhiteFideId "25674064"]
[BlackFideId "4198603"]
[EventDate "2025.07.01"]

1. d4 Nf6 2. Bf4 d5 3. e3 c5 4. c3 Nc6 5. Nd2 cxd4 6. exd4 Bf5 7. Qb3 Na5 8.
Qa4+ Bd7 9. Qc2 g6 10. Bd3 Bg7 11. Ngf3 O-O 12. O-O Rc8 13. h3 a6 14. a4 Nc4 15.
b3 Nd6 16. Rfe1 Bf5 17. Ne5 Bxd3 18. Qxd3 Nfe4 19. Nxe4 Nxe4 20. Rac1 e6 21. f3
Nd6 22. Qd2 b5 23. axb5 axb5 24. Bh6 Bxh6 25. Qxh6 Nf5 26. Qd2 Qh4 27. Nd3 Ra8
28. Ra1 Qg3 29. Qf2 Qxf2+ 30. Kxf2 Rxa1 31. Rxa1 Rc8 32. Nc5 h5 33. g4 hxg4 34.
hxg4 Ne7 35. Ra7 Nc6 36. b4 Nxa7 0-1

[Event "Titled Tue 1st Jul Early"]
[Site "chess.com INT"]
[Date "2025.07.01"]
[Round "1"]
[White "Alonso Rosell, Alvar"]
[Black "Ravshanov, Sheralijon"]
[Result "1-0"]
[WhiteTitle "GM"]
[BlackTitle "CM"]
[WhiteElo "2536"]
[BlackElo "2156"]
[WhiteFideId "2270544"]
[BlackFideId "14212170"]
[EventDate "2025.07.01"]

1. d4 Nf6 2. c4 e6 3. Nf3 Bb4+ 4. Nbd2 O-O 5. a3 Bxd2+ 6. Qxd2 c5 7. dxc5 Nc6 8.
b4 b6 9. cxb6 axb6 10. e3 d5 11. cxd5 exd5 12. Bb5 Ne4 13. Qb2 Ne7 14. O-O Ng6
15. Qd4 Bg4 16. Bb2 Nf6 17. Ne5 Nxe5 18. Qxe5 Be6 19. Rac1 Rc8 20. Rxc8 Qxc8 21.
Qg5 Qd8 22. Rc1 h6 23. Qg3 Bf5 24. Rc6 Nh5 25. Qe5 Bg6 26. h3 Nf6 27. Qd4 Qe7
28. Rxb6 Rc8 29. Rc6 Rb8 30. Bf1 Ne8 31. b5 f6 32. b6 Bf7 33. a4 Qb7 34. Qc5 Qd7
35. a5 Ra8 36. a6 d4 37. Bxd4 Kh7 38. b7 Rd8 39. Bd3+ Kh8 40. Bf5 Qd5 41. Qxd5
Bxd5 42. Rc8 Rxc8 43. bxc8=Q 1-0

[Event "Titled Tue 1st Jul Early"]
[Site "chess.com INT"]
[Date "2025.07.01"]
[Round "1"]
[White "Akshat Sureka"]
[Black "Roebers, Eline"]
[Result "1-0"]
[WhiteTitle "FM"]
[BlackTitle "IM"]
[WhiteElo "2339"]
[BlackElo "2354"]
[WhiteFideId "25774492"]
[BlackFideId "1058401"]
[EventDate "2025.07.01"]

1. c4 f5 2. Nc3 Nf6 3. Nf3 g6 4. g3 Bg7 5. Bg2 O-O 6. O-O d6 7. d3 e5 8. Rb1 a5
9. a3 Nc6 10. b4 h6 11. Nd5 Nxd5 12. cxd5 Ne7 13. Nd2 g5 14. Bb2 f4 15. Qc2 Bg4
16. Ne4 c6 17. h3 Bf5 18. Nc3 Rc8 19. Qb3 Kh8 20. bxa5 Qd7 21. g4 Bh7 22. Na4
Nxd5 23. Bxd5 cxd5 24. Nb6 Qf7 25. Nxc8 Rxc8 26. f3 h5 27. Rfc1 Re8 28. Ba1 e4
29. Qxb7 Qxb7 30. Rxb7 Bxa1 31. Rxa1 exd3 32. exd3 Bxd3 33. Rd1 Be2 34. Re1 Re3
35. Kf2 Ba6 36. Rb8+ Kg7 37. Rxe3 fxe3+ 38. Kxe3 hxg4 39. fxg4 1-0

[Event "Titled Tue 1st Jul Early"]
[Site "chess.com INT"]
[Date "2025.07.01"]
[Round "1"]
[White "Gonzalez Mojica, Renan Arturo"]
[Black "Iskusnyh, Sergei"]
[Result "0-1"]
[WhiteTitle "FM"]
[BlackTitle "GM"]
[WhiteElo "2098"]
[BlackElo "2440"]
[WhiteFideId "4482379"]
[BlackFideId "4120027"]
[EventDate "2025.07.01"]

1. d4 d5 2. c4 c6 3. cxd5 cxd5 4. Bf4 Nf6 5. Nc3 Nc6 6. e3 a6 7. Bd3 Bg4 8. Nge2
e6 9. O-O Bd6 10. f3 Bh5 11. Rc1 Bg6 12. Na4 Bxf4 13. Nxf4 Nd7 14. a3 O-O 15. b4
Rc8 16. Rf2 Qf6 17. Rfc2 Ne7 18. Bxg6 hxg6 19. Nd3 Rxc2 20. Rxc2 Nf5 21. Qd2 e5
22. Rc7 Rd8 23. dxe5 Nxe5 24. Nxe5 Qxe5 25. Rxb7 Nxe3 26. Nc5 Re8 27. Nd3 Qa1+
28. Qe1 Qd4 29. Nf2 Re6 30. Rb8+ Kh7 31. Rd8 Nc2 32. Qd1 Re1+ 33. Qxe1 Nxe1 0-1

[Event "Titled Tue 1st Jul Early"]
[Site "chess.com INT"]
[Date "2025.07.01"]
[Round "1"]
[White "Cernov, Henrik"]
[Black "Exposito Milan, Adrian"]
[Result "1-0"]
[WhiteTitle "FM"]
[BlackTitle "FM"]
[WhiteElo "2258"]
[BlackElo "2179"]
[WhiteFideId "16258312"]
[BlackFideId "24556645"]
[EventDate "2025.07.01"]

1. e4 c5 2. Nf3 Nc6 3. b4 cxb4 4. d4 d5 5. exd5 Qxd5 6. c4 bxc3 7. Nxc3 Qd8 8.
d5 Nb8 9. Bf4 Nf6 10. Nb5 Na6 11. Bc4 e6 12. d6 Bd7 13. O-O Rc8 14. Nc7+ Nxc7
15. dxc7 Qe7 16. Rb1 Qc5 17. Qe2 Bc6 18. Rfc1 Qf5 19. Bg3 Ba3 20. Nd4 Qe4 21.
Qxe4 Nxe4 22. Nxc6 bxc6 23. Ba6 Kd7 24. Rd1+ Ke7 25. Bxc8 Nxg3 26. hxg3 Rxc8 27.
Rb7 Bd6 28. Rxa7 Rxc7 29. Rxc7+ Bxc7 30. a4 Bb6 31. Kf1 c5 32. Rb1 1-0

[Event "Titled Tue 1st Jul Early"]
[Site "chess.com INT"]
[Date "2025.07.01"]
[Round "1"]
[White "Alazmi, Amani"]
[Black "Garv, Gaur"]
[Result "0-1"]
[WhiteTitle "WCM"]
[BlackTitle "FM"]
[WhiteElo "1733"]
[BlackElo "2363"]
[WhiteFideId "10303553"]
[BlackFideId "45030839"]
[EventDate "2025.07.01"]

1. e4 c6 2. c4 d5 3. cxd5 cxd5 4. exd5 Nf6 5. Bb5+ Nbd7 6. Nc3 g6 7. Nf3 a6 8.
Bxd7+ Qxd7 9. Qb3 Bg7 10. Ne5 Qd6 11. d4 O-O 12. Bf4 Nh5 13. Ne4 Qd8 14. Bg3 Bf5
15. Nc3 Nxg3 16. hxg3 Qd6 17. Nf3 b5 18. a3 Bg4 19. Ne4 Qd8 20. Ned2 e6 21. dxe6
Bxe6 22. Qe3 Re8 23. O-O Bc4 24. Nxc4 Rxe3 25. Nxe3 Qd6 26. Rfd1 Rc8 27. Rac1
Rxc1 28. Rxc1 Bf6 29. Rc8+ Kg7 30. Rc1 a5 31. Ng4 b4 32. Nxf6 Kxf6 33. axb4 Qxb4
34. Rc6+ Kg7 35. Rc2 Qb3 36. Rd2 Qd5 37. Ne5 f6 38. Nf3 g5 39. g4 a4 40. Kh2 h5
41. Kh3 hxg4+ 42. Kxg4 Qe4+ 43. Kh3 g4+ 44. Kh4 gxf3+ 45. Kg3 fxg2 0-1